| 000 | 01125cam a2200217 4500 | ||
|---|---|---|---|
| 001 | 6864 | ||
| 010 | _a97019031 | ||
| 020 | _a0813825334 | ||
| 020 | _a9780813825335 | ||
| 100 | 1 | _aCarroll, Victoria. | |
| 245 | 1 | 0 |
_aWriting news for television : _bstyle and format / _cVictoria McCullough Carroll. |
| 250 | _a1st ed. | ||
| 260 |
_aAmes : _bIowa State University Press, _c1997. |
||
| 300 |
_axiii, 290 p. : _bill. ; _c26 cm. |
||
| 504 | _aIncludes bibliographical references and index. | ||
| 505 | 0 | _a1. Writing News for Television: The Business -- 2. The Importance of Good Grammar -- 3. Writing for the Ear -- 4. A News Story: Beginning, Middle and End -- 5. Clip and Keep -- 6. Reader Scripts -- 7. Scripts with Full Screen Graphics -- 8. Scripts with vo -- 9. Scripts with sots -- 10. Scripts with vo and sots -- 11. Combining Elements -- 12. Package Scripts -- 13. Interviewing and Reporting -- 14. Producing -- 15. The Newsroom -- 16. Getting a Job. | |
| 650 | 0 |
_aBroadcast journalism _xAuthorship. |
|
| 650 | 0 | _aReport writing. | |
| 650 | 0 | _aTelevision broadcasting of news. | |
| 999 |
_c5803 _d5803 |
||